| 000 | 00786nam a22002057a 4500 | ||
|---|---|---|---|
| 999 |
_c5801 _d5801 |
||
| 003 | AR-CdUCM | ||
| 008 | 190313b ||||| |||| 00| 0 spa d | ||
| 040 |
_aMUNICIPALIDAD PROVINCIAL DEL CUSCO _cBIBLIOTECA MUNICIPAL DEL CUSCO |
||
| 082 |
_a101 / _bG86 |
||
| 100 |
_aGuerra Martinière, Luis Felipe _917209 |
||
| 245 | _aPresentación de la filosofía / | ||
| 260 |
_aLima : _bCasa de la Cultura del Perú, _c1970. |
||
| 300 |
_a113 páginas ; _c17 cm. |
||
| 505 | _aContenido: Raíces del filosofar -- La filosofía como conocimiento organizado -- Los grandes temas de la filosofía -- El desarrollo histórico -- La filosofía y nuestra realidad ... | ||
| 650 |
_aRealimso _917210 |
||
| 650 |
_aFilosofía _9395 |
||
| 650 |
_aHistoria _9136 |
||
| 942 |
_2ddc _cLIBROS |
||
| 945 | _aachl | ||